Developmental Biology (Record no. 60667)

MARC details
000 -LEADER
fixed length control field 00464nam a2200181Ia 4500
008 - FIXED-LENGTH DATA ELEMENTS--GENERAL INFORMATION
fixed length control field 230524s9999 xx 000 0 und d
020 ## - INTERNATIONAL STANDARD BOOK NUMBER
ISBN 9781605357386
082 ## - DEWEY DECIMAL CLASSIFICATION NUMBER
Classification number 571.8
Item number GIL
100 ## - MAIN ENTRY--AUTHOR NAME
Personal name Scott F. Gilbert
245 #0 - TITLE STATEMENT
Title Developmental Biology
250 ## - EDITION STATEMENT
Edition statement 11
260 ## - PUBLICATION, DISTRIBUTION, ETC. (IMPRINT)
Place of publication New York
Name of publisher Oxford
Year of publication 2021
300 ## - PHYSICAL DESCRIPTION
Number of Pages "xxiii,810p;"
500 ## - GENERAL NOTE
General note Quantity Number: 1
650 ## - SUBJECT ADDED ENTRY--TOPICAL TERM
Topical Term Biotechnology
700 ## - ADDED ENTRY--PERSONAL NAME
Personal name Michael J.Barresi
942 ## - ADDED ENTRY ELEMENTS (KOHA)
Koha item type Books
Holdings
Lost status Damaged status Permanent Location Current Location Shelving location Date acquired Full call number Accession Number Koha item type
    Central Library, Trident Academy of Technology Central Library, Trident Academy of Technology General Stacks 05/24/2023 571.8 GIL 59825 Books
Trident Academy of Technology © 2023.
All rights reserved.                                                                                                                                                                                                        Designed by Team of Central Library .

Powered by Koha